书目信息 |
| 题名: |
永远的小平
|
|
| 作者: | ;中共中央文献研究室邓小平研究组 编 | |
| 分册: | ||
| 出版信息: | 成都 四川人民出版社 2004.06 |
|
| 页数: | 181页 | |
| 开本: | 23cm | |
| 丛书名: | ||
| 单 册: | ||
| 中图分类: | A762 | |
| 科图分类: | ||
| 主题词: | ||
| 电子资源: | ||
| ISBN: | 7-220-06760-7 | |
| 000 | 00719nam0 2200217 45 | |
| 001 | 012004000000 | |
| 005 | 20041020104247.92 | |
| 010 | @a7-220-06760-7@dCNY 39.00 | |
| 100 | @a20040918e2004 em y0chiy0121 ea | |
| 101 | 0 | @achi |
| 102 | @aCN@b510000 | |
| 105 | @aa z 000yy | |
| 200 | 1 | @a永远的小平@Ayong yuan de xiao ping@e卓琳等人访谈录@f中共中央文献研究室邓小平研究组编 |
| 210 | @a成都@c四川人民出版社@d2004.06@h2004.6重印 | |
| 215 | @a181页@c图@d23cm | |
| 517 | 1 | @a卓琳等人访谈录 |
| 600 | 0 | @a邓小平@x生平 |
| 690 | @aA762@v4 | |
| 711 | 02 | @a中共中央文献研究室邓小平研究组@Azhong gong zhong yang wen xian yan jiu shi deng xiao ping yan jiu zu@4编 |
| 801 | 0 | @aCN@bQSSKxf@c20041020 |
| 905 | @a10447@dA762@eZ547 | |
| 永远的小平:卓琳等人访谈录/中共中央文献研究室邓小平研究组编.-成都:四川人民出版社,2004.06(2004.6重印) |
| 181页:图;23cm |
| ISBN 7-220-06760-7:CNY 39.00 |
| ● |
| 相关链接 |
|
|
|
正题名:永远的小平
索取号:A762/Z547
 
预约/预借
| 序号 | 登录号 | 条形码 | 馆藏地/架位号 | 状态 | 备注 |
| 1 | 421690 | 204216909 | 社科库509/509社科库 3排4列1层/ [索取号:A762/Z547] | 在馆 | |
| 2 | 421691 | 204216918 | 社科库509/509社科库 3排4列1层/ [索取号:A762/Z547] | 在馆 | |
| 3 | 421692 | 204216927 | 社科库509/509社科库 3排4列1层/ [索取号:A762/Z547] | 在馆 |